[Event "DEM U10w 2025"]
[Site "Willingen GER"]
[Date "2025.06.08"]
[Round "1"]
[White "Müller, Greta Waltraud"]
[Black "Seyedfakhari, Elena"]
[Result "1-0"]
[Termination "normal"]
[Board "8"]
[WhiteElo "1362"]
[BlackElo "1477"]
[WhiteClock "01:25:11"]
[BlackClock "01:22:38"]
[PlyCount "61"]
[WhiteFideId "533043590"]
[BlackFideId "34639888"]
[EventCountry "GER"]
[EventRounds "9"]
[EventType "swiss"]
[EventDate "2025.06.07"]

1. e4 {[%clk 01:30:57]} {[%emt 00:00:03]} e5 {[%clk 01:30:49]} {[%emt
00:00:12]} 2. Nf3 {[%clk 01:31:23]} {[%emt 00:00:04]} Nc6 {[%clk 01:30:57]}
{[%emt 00:00:23]} 3. Nc3 {[%clk 01:31:45]} {[%emt 00:00:07]} Nf6 {[%clk
01:31:17]} {[%emt 00:00:10]} 4. Bb5 {[%clk 01:31:57]} {[%emt 00:00:18]} a6
{[%clk 01:31:30]} {[%emt 00:00:16]} 5. Bxc6 {[%clk 01:32:14]} {[%emt 00:00:13]}
dxc6 {[%clk 01:31:46]} {[%emt 00:00:14]} 6. Nxe5 {[%clk 01:32:11]} {[%emt
00:00:34]} Nxe4 {[%clk 01:31:52]} {[%emt 00:00:24]} 7. Nxe4 {[%clk 01:32:28]}
{[%emt 00:00:12]} Qd5 {[%clk 01:31:38]} {[%emt 00:00:35]} 8. O-O {[%clk
01:32:16]} {[%emt 00:00:52]} Qxe5 {[%clk 01:31:28]} {[%emt 00:00:41]} 9. Re1
{[%clk 01:32:27]} {[%emt 00:00:18]} Be7 {[%clk 01:31:16]} {[%emt 00:00:41]} 10.
d4 {[%clk 01:32:22]} {[%emt 00:00:36]} Qd5 {[%clk 01:31:05]} {[%emt 00:00:30]}
11. Ng5 {[%clk 01:31:50]} {[%emt 00:01:04]} Qd7 {[%clk 01:30:29]} {[%emt
00:01:10]} 12. Qe2 {[%clk 01:30:50]} {[%emt 00:01:32]} b6 {[%clk 01:29:07]}
{[%emt 00:01:53]} 13. b3 {[%clk 01:30:10]} {[%emt 00:01:12]} Bb7 {[%clk
01:29:10]} {[%emt 00:00:26]} 14. Ba3 {[%clk 01:29:45]} {[%emt 00:00:54]} c5
{[%clk 01:29:12]} {[%emt 00:00:30]} 15. dxc5 {[%clk 01:29:22]} {[%emt
00:00:53]} h6 {[%clk 01:28:25]} {[%emt 00:01:16]} 16. Qh5 {[%clk 01:28:30]}
{[%emt 00:01:00]} Qd5 {[%clk 01:28:08]} {[%emt 00:00:53]} 17. c6 {[%clk
01:25:07]} {[%emt 00:04:09]} Bxc6 {[%clk 01:27:55]} {[%emt 00:00:42]} 18. Rxe7+
{[%clk 01:24:57]} {[%emt 00:00:42]} Kf8 {[%clk 01:27:18]} {[%emt 00:00:58]} 19.
Re5+ {[%clk 01:24:21]} {[%emt 00:01:11]} Kg8 {[%clk 01:27:15]} {[%emt
00:00:36]} 20. Rxd5 {[%clk 01:24:23]} {[%emt 00:00:29]} Bxd5 {[%clk 01:27:13]}
{[%emt 00:00:31]} 21. Nf3 {[%clk 01:24:41]} {[%emt 00:00:09]} Rd8 {[%clk
01:25:47]} {[%emt 00:01:36]} 22. Rd1 {[%clk 01:25:08]} {[%emt 00:00:26]} c6
{[%clk 01:25:20]} {[%emt 00:00:57]} 23. c4 {[%clk 01:24:42]} {[%emt 00:00:57]}
g6 {[%clk 01:25:23]} {[%emt 00:00:21]} 24. Qh3 {[%clk 01:24:46]} {[%emt
00:00:28]} Kh7 {[%clk 01:24:55]} {[%emt 00:01:01]} 25. cxd5 {[%clk 01:25:04]}
{[%emt 00:00:12]} g5 {[%clk 01:24:56]} {[%emt 00:00:29]} 26. Nxg5+ {[%clk
01:25:20]} {[%emt 00:00:15]} Kg8 {[%clk 01:24:42]} {[%emt 00:00:39]} 27. Bb2
{[%clk 01:25:25]} {[%emt 00:00:30]} cxd5 {[%clk 01:23:37]} {[%emt 00:01:35]}
28. Bxh8 {[%clk 01:24:25]} {[%emt 00:01:29]} Re8 {[%clk 01:23:29]} {[%emt
00:00:34]} 29. Qxh6 {[%clk 01:24:34]} {[%emt 00:00:23]} Re1+ {[%clk 01:22:30]}
{[%emt 00:01:31]} 30. Rxe1 {[%clk 01:24:57]} {[%emt 00:00:07]} f6 {[%clk
01:22:38]} {[%emt 00:00:22]} 31. Qg7# {[%clk 01:25:11]} {[%emt 00:00:13]} 1-0

[Event "DEM U10w 2025"]
[Site "Willingen GER"]
[Date "2025.06.08"]
[Round "1"]
[White "Kruijssen, Hilde"]
[Black "Giss, Annika"]
[Result "0-1"]
[Termination "normal"]
[Board "9"]
[WhiteElo "1457"]
[BlackElo "1520"]
[WhiteClock "00:53:36"]
[BlackClock "00:59:52"]
[PlyCount "70"]
[WhiteFideId "40100090"]
[BlackFideId "34673148"]
[EventCountry "GER"]
[EventRounds "9"]
[EventType "swiss"]
[EventDate "2025.06.07"]

1. e4 {[%clk 01:30:59]} c5 {[%clk 01:30:54]} {[%emt 00:00:06]} 2. Nf3 {[%clk
01:31:23]} {[%emt 00:00:05]} Nc6 {[%clk 01:31:20]} {[%emt 00:00:05]} 3. d4
{[%clk 01:31:41]} {[%emt 00:00:12]} cxd4 {[%clk 01:31:47]} {[%emt 00:00:04]} 4.
Nxd4 {[%clk 01:31:59]} {[%emt 00:00:11]} g6 {[%clk 01:32:07]} {[%emt 00:00:10]}
5. Nc3 {[%clk 01:32:21]} {[%emt 00:00:08]} Bg7 {[%clk 01:32:32]} {[%emt
00:00:05]} 6. Be3 {[%clk 01:32:35]} {[%emt 00:00:16]} Nf6 {[%clk 01:32:53]}
{[%emt 00:00:10]} 7. f3 {[%clk 01:32:51]} {[%emt 00:00:14]} O-O {[%clk
01:30:37]} {[%emt 00:02:46]} 8. Qd2 {[%clk 01:33:14]} {[%emt 00:00:07]} d5
{[%clk 01:29:55]} {[%emt 00:01:12]} 9. exd5 {[%clk 01:28:49]} {[%emt 00:04:55]}
Nxd5 {[%clk 01:30:13]} {[%emt 00:00:11]} 10. Nxc6 {[%clk 01:26:00]} {[%emt
00:03:18]} bxc6 {[%clk 01:30:08]} {[%emt 00:00:36]} 11. O-O-O {[%clk 01:24:56]}
{[%emt 00:01:34]} Be6 {[%clk 01:28:27]} {[%emt 00:02:11]} 12. g4 {[%clk
01:21:34]} {[%emt 00:03:53]} Nxc3 {[%clk 01:26:32]} {[%emt 00:02:24]} 13. bxc3
{[%clk 01:20:26]} {[%emt 00:01:38]} Qxd2+ {[%clk 01:26:33]} {[%emt 00:00:29]}
14. Rxd2 {[%clk 01:20:43]} {[%emt 00:00:13]} Bxa2 {[%clk 01:21:46]} {[%emt
00:05:18]} 15. h4 {[%clk 01:18:57]} {[%emt 00:02:15]} Bd5 {[%clk 01:17:22]}
{[%emt 00:04:55]} 16. Be2 {[%clk 01:16:05]} {[%emt 00:03:21]} h6 {[%clk
01:15:35]} {[%emt 00:02:17]} 17. h5 {[%clk 01:14:30]} {[%emt 00:02:04]} g5
{[%clk 01:15:44]} {[%emt 00:00:22]} 18. Rf1 {[%clk 01:14:20]} {[%emt 00:00:40]}
a5 {[%clk 01:15:12]} {[%emt 00:01:03]} 19. f4 {[%clk 01:14:34]} {[%emt
00:00:14]} f6 {[%clk 01:14:02]} {[%emt 00:01:41]} 20. fxg5 {[%clk 01:13:07]}
{[%emt 00:01:57]} fxg5 {[%clk 01:14:12]} {[%emt 00:00:20]} 21. c4 {[%clk
01:09:39]} {[%emt 00:03:59]} Rxf1+ {[%clk 01:13:52]} {[%emt 00:00:50]} 22. Bxf1
{[%clk 01:09:57]} {[%emt 00:00:11]} Be6 {[%clk 01:13:58]} {[%emt 00:00:23]} 23.
Rf2 {[%clk 01:07:05]} {[%emt 00:03:22]} a4 {[%clk 01:13:03]} {[%emt 00:01:26]}
24. Kb1 {[%clk 01:06:19]} {[%emt 00:01:15]} Bxg4 {[%clk 01:11:57]} {[%emt
00:01:36]} 25. Be2 {[%clk 01:02:51]} {[%emt 00:03:58]} Be6 {[%clk 01:10:31]}
{[%emt 00:01:57]} 26. Bc5 {[%clk 01:00:25]} {[%emt 00:02:56]} Bf6 {[%clk
01:09:24]} {[%emt 00:01:36]} 27. Bd3 {[%clk 00:58:16]} {[%emt 00:02:40]} Bf7
{[%clk 01:05:22]} {[%emt 00:04:32]} 28. Be4 {[%clk 00:57:02]} {[%emt 00:01:44]}
Bxc4 {[%clk 01:02:25]} {[%emt 00:03:27]} 29. Bxc6 {[%emt 00:00:33]} Rc8 {[%clk
01:02:03]} {[%emt 00:00:49]} 30. Bxa4 {[%clk 00:56:18]} {[%emt 00:01:14]} Rxc5
{[%clk 01:02:24]} {[%emt 00:00:09]} 31. Rd2 {[%clk 00:54:09]} {[%emt 00:02:39]}
Rc8 {[%clk 01:00:40]} {[%emt 00:02:12]} 32. Bd7 {[%emt 00:01:19]} Rb8+ {[%clk
01:00:06]} {[%emt 00:01:01]} 33. Kc1 {[%clk 00:53:16]} {[%emt 00:00:39]} Bb2+
{[%clk 01:00:02]} {[%emt 00:00:34]} 34. Kd1 {[%clk 00:53:28]} {[%emt 00:00:17]}
Bc3 {[%clk 00:59:34]} {[%emt 00:00:59]} 35. Rf2 {[%clk 00:53:36]} {[%emt
00:00:22]} Rb1# {[%clk 00:59:52]} {[%emt 00:00:10]} 0-1

[Event "DEM U10w 2025"]
[Site "Willingen GER"]
[Date "2025.06.08"]
[Round "1"]
[White "Xu, Dorothea Sicheng"]
[Black "Hellriegel, Emma"]
[Result "1-0"]
[Termination "normal"]
[Board "10"]
[WhiteElo "1484"]
[BlackElo "999"]
[WhiteClock "00:48:39"]
[BlackClock "01:04:01"]
[PlyCount "103"]
[WhiteFideId "34667539"]
[BlackFideId "533043558"]
[EventCountry "GER"]
[EventRounds "9"]
[EventType "swiss"]
[EventDate "2025.06.07"]

1. e4 {[%clk 01:30:58]} {[%emt 00:00:02]} e5 {[%clk 01:30:54]} {[%emt
00:00:07]} 2. Nf3 {[%clk 01:31:21]} {[%emt 00:00:07]} Nc6 {[%clk 01:31:14]}
{[%emt 00:00:10]} 3. d4 {[%clk 01:31:46]} {[%emt 00:00:05]} exd4 {[%clk
01:31:21]} {[%emt 00:00:23]} 4. Bc4 {[%clk 01:32:09]} {[%emt 00:00:07]} Be7
{[%clk 01:27:30]} {[%emt 00:04:21]} 5. Nxd4 {[%clk 01:31:16]} {[%emt 00:01:23]}
Nf6 {[%clk 01:26:02]} {[%emt 00:01:57]} 6. Nc3 {[%clk 01:28:09]} {[%emt
00:03:37]} O-O {[%clk 01:24:30]} {[%emt 00:02:02]} 7. O-O {[%clk 01:26:20]}
{[%emt 00:02:20]} d6 {[%clk 01:19:55]} {[%emt 00:05:04]} 8. Bg5 {[%clk
01:20:02]} {[%emt 00:06:48]} Nxe4 {[%clk 01:17:00]} {[%emt 00:03:26]} 9. Bxe7
{[%clk 01:16:08]} {[%emt 00:04:24]} Qxe7 {[%clk 01:16:08]} {[%emt 00:01:22]}
10. Re1 {[%clk 01:13:33]} {[%emt 00:03:05]} Nxc3 {[%clk 01:14:41]} {[%emt
00:01:57]} 11. Nxc6 {[%clk 01:13:05]} {[%emt 00:00:58]} bxc6 {[%clk 01:10:02]}
{[%emt 00:05:08]} 12. Rxe7 {[%clk 01:11:23]} {[%emt 00:02:12]} Nxd1 {[%clk
01:09:40]} {[%emt 00:00:52]} 13. Rxd1 {[%clk 01:10:40]} {[%emt 00:01:13]} Be6
{[%clk 01:04:34]} {[%emt 00:05:36]} 14. Bxe6 {[%clk 01:08:00]} {[%emt
00:03:10]} fxe6 {[%clk 01:04:30]} {[%emt 00:00:34]} 15. Rxc7 {[%clk 01:06:56]}
{[%emt 00:01:37]} Rab8 {[%clk 01:02:41]} {[%emt 00:02:42]} 16. b3 {[%clk
01:04:18]} {[%emt 00:03:09]} a5 {[%clk 01:00:49]} {[%emt 00:02:21]} 17. Rxd6
{[%clk 00:59:41]} {[%emt 00:05:08]} a4 {[%clk 01:00:29]} {[%emt 00:00:50]} 18.
Rcxc6 {[%clk 00:56:24]} {[%emt 00:03:47]} Rfd8 {[%clk 00:59:34]} {[%emt
00:01:17]} 19. Rxd8+ {[%clk 00:55:32]} {[%emt 00:01:30]} Rxd8 {[%clk 00:59:45]}
{[%emt 00:00:19]} 20. g3 {[%clk 00:53:07]} {[%emt 00:02:55]} axb3 {[%clk
00:59:49]} {[%emt 00:00:26]} 21. cxb3 {[%clk 00:52:35]} {[%emt 00:01:03]} Kf7
{[%clk 00:59:30]} {[%emt 00:00:47]} 22. Rc2 {[%clk 00:49:20]} {[%emt 00:03:45]}
Rb8 {[%clk 00:56:55]} {[%emt 00:03:05]} 23. Rb2 {[%clk 00:48:51]} {[%emt
00:01:00]} e5 {[%clk 00:56:47]} {[%emt 00:00:36]} 24. b4 {[%clk 00:47:53]}
{[%emt 00:01:30]} Ke6 {[%clk 00:57:07]} {[%emt 00:00:09]} 25. b5 {[%clk
00:46:27]} {[%emt 00:01:56]} Kd6 {[%clk 00:57:25]} {[%emt 00:00:12]} 26. b6
{[%clk 00:45:44]} {[%emt 00:01:14]} Kc6 {[%clk 00:57:21]} {[%emt 00:00:33]} 27.
b7 {[%clk 00:44:36]} {[%emt 00:01:39]} h5 {[%clk 00:57:01]} {[%emt 00:00:49]}
28. Kg2 {[%clk 00:43:34]} {[%emt 00:01:33]} Rxb7 {[%clk 00:56:56]} {[%emt
00:00:35]} 29. Rxb7 {[%clk 00:43:48]} {[%emt 00:00:16]} Kxb7 {[%clk 00:57:21]}
{[%emt 00:00:05]} 30. Kf3 {[%clk 00:43:44]} {[%emt 00:00:35]} Kc6 {[%clk
00:57:26]} {[%emt 00:00:25]} 31. Ke4 {[%clk 00:43:22]} {[%emt 00:00:53]} Kd6
{[%clk 00:57:19]} {[%emt 00:00:35]} 32. a4 {[%clk 00:43:08]} {[%emt 00:00:45]}
Kc6 {[%clk 00:57:39]} {[%emt 00:00:10]} 33. Kxe5 {[%clk 00:43:02]} {[%emt
00:00:35]} Kc5 {[%clk 00:57:53]} {[%emt 00:00:14]} 34. Ke6 {[%clk 00:42:29]}
{[%emt 00:01:05]} Kb4 {[%clk 00:58:14]} {[%emt 00:00:09]} 35. Kf7 {[%clk
00:42:47]} {[%emt 00:00:12]} Kxa4 {[%clk 00:58:36]} {[%emt 00:00:08]} 36. Kxg7
{[%clk 00:43:12]} {[%emt 00:00:05]} Kb4 {[%clk 00:59:01]} {[%emt 00:00:06]} 37.
f4 {[%clk 00:43:30]} {[%emt 00:00:11]} Kc5 {[%clk 00:59:25]} {[%emt 00:00:06]}
38. f5 {[%clk 00:43:55]} {[%emt 00:00:05]} h4 {[%clk 00:59:44]} {[%emt
00:00:11]} 39. gxh4 {[%clk 00:43:51]} {[%emt 00:00:35]} Kd5 {[%clk 01:00:03]}
{[%emt 00:00:10]} 40. f6 {[%clk 00:44:16]} {[%emt 00:00:05]} Ke6 {[%clk
01:00:26]} {[%emt 00:00:07]} 41. f7 {[%clk 00:44:41]} {[%emt 00:00:05]} Ke5
{[%clk 01:00:45]} {[%emt 00:00:12]} 42. f8=Q {[%clk 00:45:03]} {[%emt
00:00:09]} Ke4 {[%clk 01:01:09]} {[%emt 00:00:05]} 43. Qf6 {[%clk 00:45:18]}
{[%emt 00:00:15]} Kd5 {[%clk 01:01:27]} {[%emt 00:00:10]} 44. h5 {[%clk
00:45:33]} {[%emt 00:00:16]} Ke4 {[%clk 01:01:49]} {[%emt 00:00:08]} 45. h6
{[%clk 00:45:58]} {[%emt 00:00:05]} Kd5 {[%clk 01:02:08]} {[%emt 00:00:11]} 46.
h7 {[%clk 00:46:23]} {[%emt 00:00:05]} Ke4 {[%clk 01:02:32]} {[%emt 00:00:06]}
47. h8=R {[%clk 00:46:47]} {[%emt 00:00:06]} Kd5 {[%clk 01:02:40]} {[%emt
00:00:21]} 48. Qe7 {[%clk 00:47:07]} {[%emt 00:00:09]} Kd4 {[%clk 01:02:53]}
{[%emt 00:00:17]} 49. Rd8+ {[%clk 00:47:31]} {[%emt 00:00:06]} Kc4 {[%clk
01:03:16]} {[%emt 00:00:07]} 50. Qc7+ {[%clk 00:47:48]} {[%emt 00:00:14]} Kb4
{[%clk 01:03:39]} {[%emt 00:00:07]} 51. Rb8+ {[%clk 00:48:14]} {[%emt
00:00:04]} Ka4 {[%clk 01:04:01]} {[%emt 00:00:08]} 52. Qa7# {[%clk 00:48:39]}
{[%emt 00:00:05]} 1-0

[Event "DEM U10w 2025"]
[Site "Willingen GER"]
[Date "2025.06.08"]
[Round "1"]
[White "Hirtzel, Hanna Meiki"]
[Black "Artarov, Rina"]
[Result "0-1"]
[Termination "normal"]
[Board "11"]
[WhiteElo "984"]
[BlackElo "1282"]
[WhiteClock "00:53:16"]
[BlackClock "00:52:35"]
[PlyCount "88"]
[WhiteFideId "533040648"]
[BlackFideId "34692541"]
[EventCountry "GER"]
[EventRounds "9"]
[EventType "swiss"]
[EventDate "2025.06.07"]

1. d4 {[%clk 01:30:58]} {[%emt 00:00:01]} Nf6 {[%clk 01:30:54]} {[%emt
00:00:06]} 2. c4 {[%clk 01:31:22]} {[%emt 00:00:06]} e5 {[%clk 01:31:19]}
{[%emt 00:00:05]} 3. Nc3 {[%clk 01:31:28]} {[%emt 00:00:23]} exd4 {[%clk
01:31:23]} {[%emt 00:00:26]} 4. Qxd4 {[%clk 01:31:46]} {[%emt 00:00:13]} Nc6
{[%clk 01:31:45]} {[%emt 00:00:07]} 5. Qd1 {[%clk 01:31:31]} {[%emt 00:00:43]}
Bc5 {[%clk 01:32:02]} {[%emt 00:00:14]} 6. Bf4 {[%clk 01:31:39]} {[%emt
00:00:19]} O-O {[%clk 01:31:13]} {[%emt 00:01:22]} 7. Nf3 {[%clk 01:31:54]}
{[%emt 00:00:15]} d6 {[%clk 01:30:35]} {[%emt 00:01:08]} 8. e3 {[%clk
01:31:23]} {[%emt 00:00:59]} Bf5 {[%clk 01:30:25]} {[%emt 00:00:41]} 9. Bd3
{[%clk 01:30:05]} {[%emt 00:01:45]} Bxd3 {[%clk 01:26:50]} {[%emt 00:04:09]}
10. Qxd3 {[%clk 01:30:16]} {[%emt 00:00:19]} Nb4 {[%clk 01:27:02]} {[%emt
00:00:17]} 11. Qd2 {[%clk 01:28:29]} {[%emt 00:02:04]} d5 {[%clk 01:26:41]}
{[%emt 00:01:03]} 12. cxd5 {[%clk 01:27:02]} {[%emt 00:01:57]} Nfxd5 {[%clk
01:26:48]} {[%emt 00:00:23]} 13. Nxd5 {[%clk 01:26:39]} {[%emt 00:00:53]} Nxd5
{[%clk 01:27:01]} {[%emt 00:00:17]} 14. Bg5 {[%clk 01:23:54]} {[%emt 00:03:10]}
f6 {[%clk 01:25:20]} {[%emt 00:02:17]} 15. Qc2 {[%clk 01:20:13]} {[%emt
00:03:57]} fxg5 {[%clk 01:25:16]} {[%emt 00:00:47]} 16. Qxc5 {[%clk 01:19:45]}
{[%emt 00:00:58]} b6 {[%clk 01:15:25]} {[%emt 00:10:21]} 17. Qc4 {[%clk
01:18:14]} {[%emt 00:01:54]} Kh8 {[%clk 01:15:46]} {[%emt 00:00:16]} 18. Nd4
{[%clk 01:16:28]} {[%emt 00:02:04]} Re8 {[%clk 01:11:20]} {[%emt 00:05:07]} 19.
O-O {[%clk 01:11:59]} {[%emt 00:04:59]} Re4 {[%clk 01:10:34]} {[%emt 00:01:16]}
20. Qc2 {[%clk 01:09:07]} {[%emt 00:03:05]} Qe8 {[%clk 01:08:38]} {[%emt
00:02:43]} 21. Nb5 {[%clk 01:04:36]} {[%emt 00:04:49]} Nb4 {[%clk 01:06:59]}
{[%emt 00:02:15]} 22. Qe2 {[%clk 00:59:44]} {[%emt 00:05:16]} Nd5 {[%clk
00:59:00]} {[%emt 00:08:41]} 23. Rfd1 {[%clk 00:58:35]} {[%emt 00:01:35]} Re5
{[%clk 00:55:26]} {[%emt 00:04:06]} 24. Rac1 {[%clk 00:57:37]} {[%emt
00:01:27]} Nf4 {[%clk 00:51:16]} {[%emt 00:04:43]} 25. Qc4 {[%clk 00:53:57]}
{[%emt 00:03:52]} Rc5 {[%clk 00:49:53]} {[%emt 00:02:10]} 26. Qd4 {[%clk
00:51:18]} {[%emt 00:02:52]} Ne2+ {[%clk 00:50:16]} {[%emt 00:00:24]} 27. Kh1
{[%clk 00:50:54]} {[%emt 00:00:51]} Nxd4 {[%clk 00:50:38]} {[%emt 00:00:11]}
28. Nxc7 {[%clk 00:50:04]} {[%emt 00:01:19]} Qc6 {[%clk 00:49:34]} {[%emt
00:01:34]} 29. Rxc5 {[%clk 00:49:43]} {[%emt 00:00:50]} bxc5 {[%clk 00:49:32]}
{[%emt 00:00:33]} 30. Nxa8 {[%clk 00:49:47]} {[%emt 00:00:26]} Qxa8 {[%clk
00:49:48]} {[%emt 00:00:15]} 31. exd4 {[%clk 00:50:02]} {[%emt 00:00:14]} cxd4
{[%clk 00:49:54]} {[%emt 00:00:24]} 32. Rxd4 {[%clk 00:50:25]} {[%emt
00:00:07]} Qe8 {[%clk 00:50:01]} {[%emt 00:00:21]} 33. h3 {[%clk 00:50:11]}
{[%emt 00:00:44]} Qe1+ {[%clk 00:50:25]} {[%emt 00:00:09]} 34. Kh2 {[%clk
00:50:26]} {[%emt 00:00:15]} Qe5+ {[%clk 00:50:50]} {[%emt 00:00:05]} 35. Kg1
{[%clk 00:50:38]} {[%emt 00:00:17]} Qxd4 {[%clk 00:51:13]} {[%emt 00:00:08]}
36. b3 {[%clk 00:50:57]} {[%emt 00:00:12]} Qa1+ {[%clk 00:51:35]} {[%emt
00:00:08]} 37. Kh2 {[%clk 00:51:19]} {[%emt 00:00:08]} Qxa2 {[%clk 00:51:59]}
{[%emt 00:00:06]} 38. b4 {[%clk 00:51:43]} {[%emt 00:00:06]} Qxf2 {[%clk
00:52:19]} {[%emt 00:00:09]} 39. b5 {[%clk 00:52:03]} {[%emt 00:00:11]} h5
{[%clk 00:52:37]} {[%emt 00:00:12]} 40. Kh1 {[%clk 00:52:21]} {[%emt 00:00:12]}
g4 {[%clk 00:50:57]} {[%emt 00:02:10]} 41. hxg4 {[%clk 00:52:29]} {[%emt
00:00:21]} hxg4 {[%clk 00:51:19]} {[%emt 00:00:08]} 42. Kh2 {[%clk 00:52:47]}
{[%emt 00:00:12]} Kh7 {[%clk 00:51:43]} {[%emt 00:00:06]} 43. Kh1 {[%clk
00:53:08]} {[%emt 00:00:09]} g3 {[%clk 00:52:10]} {[%emt 00:00:04]} 44. b6
{[%clk 00:53:16]} {[%emt 00:00:22]} Qf1# {[%clk 00:52:35]} {[%emt 00:00:04]}
0-1